1872 1211 1938 1133 1086 1656 1318 1562 1392 1098 1397 1961 1445 1088 1590 1846 1060 1787 1036 1451 1593 1845 1070 1803 1911 1192 1076 1424 1974 1402 1767 1024 1304 1826 1730 1463 1384 1234 1714 1918 1937 1932 1263 1535 1869 1800 1184 1462 1634 1829 1564 1688 1600 1403 1958 1937 1431 1907 1224 1931 1379 1727 1553 1051 1477 1552 1172 1989 1161 1085 1713 1012 1891 1839 1362 1206 1499 1304 1122 1240 1235 1640 1031 1179 1021 1312 1287 1878 1244 1292 1485 1347 1432 1035 1005 1154 1067 1648 1423 BCNSPRNW ULIB Ver.6.0+V

เปลี่ยนเป็นภาษาไทย

Change to English
 แสดงรายละเอียดบรรณานุกรม
  กลับหน้าหลัก

Brief Record : Get Marc (ISO 2709) : E-mail record : QR code < ปิดหน้าต่าง
LEADER : 00000nam 2200000uu 4500
001    13399114657
003     ULIB
008    120427s2552||||th 000 0 tha d
020    ^a9786165020060
090    ^aนว.^bก831ค
100 0  ^aเก้าแต้ม
245 00 ^aคิมหันต์มายา/^cเก้าแต้ม
250    ^aพิมพ์ครั้งที่ 2
260    ^aกรุงเทพฯ :^bสถาพรบุ๊คส์,^c2552
300    ^a354 หน้า
945    ^p240^l0^i16428
995    ^aกัณชพร
999    ^aใช้งานได้ทุกระบบ
รายการนี้ยังไม่มีแท็ก
คุณยังไม่ได้ล็อกอิน คุณสามารถมีกิจกรรมร่วมกับเว็บไซต์ได้ แต่ต้องล็อกอินก่อน ::
  ล็อกอิน

รายการสื่อสารสนเทศ

ลำดับที่ ประเภท เลขเรียก/บาร์โค้ด สถานที่ สถานะ
1. นวนิยาย
นวนิยาย
นว. ก831ค  
  Barcode: 16428
ห้องสมุดวิทยาเขตสวรรค์ประชารักษ์
►นวนิยาย
บนชั้น
  ขอยืม

รายการใกล้เคียง
    ผู้แต่ง [เก้าแต้ม]

BibComment


ยังไม่เคยถูกคอมเมนท์

คอมเมนท์ทรัพยากรรายการนี้
  คอมเมนท์: คิมหันต์มายา เก้..


 Copyright 2026. Bcnsprnw @Library